000 00312 a2200133 4500
001 58495
082 _a621.3848 SKO
090 _c35875
_d35875
100 _aMerrill I Skolnik
245 _aIntroduction to Radar systems, 2/e
250 _a2
260 _aLondon
_bMc Graw Hill
_c1980
300 _ax, 581p.
942 _aNUST-CAE
_k621.3848 SKO
999 _c293568
_d293568